| 000 | 00741 a2200217 4500 | ||
|---|---|---|---|
| 020 |
_a0195669061 _c275.00 |
||
| 035 | _aB-210729 | ||
| 037 | _bRP-ZLS-2754 / UBH-07-08:4/ RP-07-08:ENG | ||
| 082 | 1 | 4 | _a330.00 |
| 090 |
_c5452 _d5452 |
||
| 100 | 1 | _aLipsey, Richard G. | |
| 245 | 1 |
_aEconomics _cby Richard G. Lipsey and K. Alex Chrustal |
|
| 250 | _a10th ed. | ||
| 260 |
_aNew Delhi _bOxford University Press _c2007 |
||
| 270 |
_aYMCA Library Building, Jai Singh Road, _bNew Delhi _cDelhi _e110001 |
||
| 300 |
_axix, 699 p _c26 cm (pbk) |
||
| 500 | _ainclude glossary & indes x | ||
| 700 | _aChrystal , K. Alex | ||
| 942 |
_adpl _cEN _k330 / LIP |
||
| 999 |
_c5346 _d5346 |
||